1865 1209 1026 1555 1444 1504 1039 1565 1008 1434 1839 1888 1205 1019 1706 1129 1450 1813 1107 1587 1354 1534 1645 1880 1016 1542 1039 1186 1301 1005 1077 1577 1474 1004 1758 1133 1682 1505 1766 1981 1700 1639 1952 1985 1030 1259 1124 1636 1227 1181 1233 1097 1982 1242 1988 1531 1744 1426 1995 1949 1400 1133 1044 1123 1411 1257 1620 1559 1957 1349 1022 1632 1050 1463 1469 1070 1619 1394 1974 1936 1823 1027 1547 1043 1387 1449 1273 1177 1139 1369 1051 1477 1643 1334 1389 2000 1463 1654 1614 BCNSPRNW ULIB Ver.6.0+V

เปลี่ยนเป็นภาษาไทย

Change to English
 แสดงรายละเอียดบรรณานุกรม
  กลับหน้าหลัก

Brief Record : Get Marc (ISO 2709) : E-mail record : QR code < ปิดหน้าต่าง
LEADER : 00000nam 2200000uu 4500
001    13399126832
003     ULIB
008    020711s2561 th a 000 0 tha d
060    วจ.^aWY160^bส356ผ
100    ^aสรินดา น้อยสุข
245    ^aผลของโปรแกรมการเสริมสร้างพลังอำนาจต่อภาระการดูแลของผู้ดูแลผู้ป่วยจิตเภท
260    ^aนครสวรรค์ :^bโรงพยาบาลจิตเวชนครสวรรค์ราชนครินทร์ กรมสุขภาพจิต กระทรวงสาธารณสุข,^c2561
300    ^a74 หน้า;^b29 ซม.
650    ^aจิตเภท
650    ^aการพยาบาล
945    ^p0^l0^i005492
999    ^aอังศุธร กาญจนาโรจน์พันธ์
รายการนี้ยังไม่มีแท็ก
คุณยังไม่ได้ล็อกอิน คุณสามารถมีกิจกรรมร่วมกับเว็บไซต์ได้ แต่ต้องล็อกอินก่อน ::
  ล็อกอิน

รายการสื่อสารสนเทศ

ลำดับที่ ประเภท เลขเรียก/บาร์โค้ด สถานที่ สถานะ
1. Book การพยาบาล
Book การพยาบาล
วจ. WY160 ส356ผ ฉ.1 
  Barcode: 005492
ห้องสมุดวิทยาเขตสวรรค์ประชารักษ์
►หนังสือทั่วไป
บนชั้น

รายการใกล้เคียง
    หัวเรื่อง [จิตเภท]
    หัวเรื่อง [การพยาบาล]

BibComment


ยังไม่เคยถูกคอมเมนท์

คอมเมนท์ทรัพยากรรายการนี้
  คอมเมนท์: ผลของโปรแกรมการเ..


 Copyright 2026. Bcnsprnw @Library